[Event "Amber-rapid 05th"]
[Site "Monte Carlo"]
[Date "1996.??.??"]
[Round "2"]
[White "Ivanchuk, Vassily"]
[Black "Kamsky, Gata"]
[Result "1/2-1/2"]
[WhiteElo "2735"]
[BlackElo "2735"]
[PlyCount "49"]
[EventDate "1996.04.??"]
[EventType "tourn (rapid)"]
[EventRounds "11"]
[EventCountry "MNC"]
[EventCategory "17"]
[SourceTitle "CBM 052 Extra"]
[Source "ChessBase"]
[SourceDate "1996.07.01"]
[SourceVersion "1"]
[SourceVersionDate "1996.07.01"]
[SourceQuality "1"]

1. e4 c5 2. Nf3 d6 3. d4 cxd4 4. Nxd4 Nf6 5. Nc3 a6 6. Bc4 e6 7. O-O b5 8. Bb3
Be7 9. Qf3 Qb6 10. Bg5 Nbd7 11. Rad1 Nc5 12. Bxf6 gxf6 13. Rfe1 Ra7 14. Qh5
Nxb3 15. cxb3 Rc7 16. b4 Rc4 17. Nf5 Rxc3 18. bxc3 exf5 19. exf5 Qc6 20. Rxe7+
Kxe7 21. Re1+ Kd8 22. Qxf7 Re8 23. Qxf6+ Kc7 24. Qf7+ Kd8 25. Qf6+ 1/2-1/2

[Event "Amber-rapid 05th"]
[Site "Monte Carlo"]
[Date "1996.??.??"]
[Round "7"]
[White "Xie, Jun"]
[Black "Kamsky, Gata"]
[Result "1/2-1/2"]
[WhiteElo "2530"]
[BlackElo "2735"]
[PlyCount "77"]
[EventDate "1996.04.??"]
[EventType "tourn (rapid)"]
[EventRounds "11"]
[EventCountry "MNC"]
[EventCategory "17"]
[SourceTitle "CBM 052 Extra"]
[Source "ChessBase"]
[SourceDate "1996.07.01"]
[SourceVersion "1"]
[SourceVersionDate "1996.07.01"]
[SourceQuality "1"]

1. e4 c5 2. Nf3 g6 3. d4 cxd4 4. Nxd4 Nc6 5. c4 Nf6 6. Nc3 d6 7. Be2 Nxd4 8.
Qxd4 Bg7 9. Be3 O-O 10. Qd2 Be6 11. Rc1 Qa5 12. f3 Rfc8 13. b3 a6 14. Nd5 Qxd2+
15. Kxd2 Nxd5 16. cxd5 Bd7 17. Rxc8+ Rxc8 18. Rc1 Rxc1 19. Kxc1 Kf8 20. Kd2 e6
21. Bc4 Ke7 22. Bg5+ Bf6 23. Bxf6+ Kxf6 24. dxe6 fxe6 25. Ke3 a5 26. f4 b5 27.
Be2 e5 28. g3 h6 29. a3 b4 30. axb4 axb4 31. Bc4 Bh3 32. Kd2 exf4 33. gxf4 g5
34. Ke3 gxf4+ 35. Kxf4 h5 36. Bd5 h4 37. Bc4 Bd7 38. Bd5 Bc8 39. Bc4 1/2-1/2

[Event "Dos Hermanas"]
[Site "Dos Hermanas"]
[Date "1996.05.21"]
[Round "1"]
[White "Kasparov, Garry"]
[Black "Kamsky, Gata"]
[Result "1/2-1/2"]
[WhiteElo "2775"]
[BlackElo "2735"]
[Annotator "Azmaiparashvili"]
[PlyCount "106"]
[EventDate "1996.05.21"]
[EventType "tourn"]
[EventRounds "9"]
[EventCountry "ESP"]
[EventCategory "19"]
[SourceTitle "CBM 053"]
[Source "ChessBase"]
[SourceDate "1996.08.01"]
[SourceVersion "1"]
[SourceVersionDate "1996.08.01"]
[SourceQuality "1"]

1. e4 e5 2. Nf3 Nc6 3. Bb5 a6 4. Ba4 Nf6 5. O-O Be7 6. Re1 b5 7. Bb3 O-O 8. h3
Bb7 9. d3 d6 10. a3 Kh8 $5 $146 11. Nc3 Qd7 12. Bd2 Rab8 $6 (12... Ng8 13. Nd5
(13. a4) 13... f5 $13) 13. Ne2 $1 $14 Nd8 14. Ng3 Ne6 15. c3 c5 16. Bc2 Bd8 17.
Be3 Bc7 (17... Bb6 18. b4) 18. d4 $16 cxd4 19. cxd4 exd4 20. Bxd4 $1 (20. Nxd4
d5 $1 $13) 20... Nxd4 21. Qxd4 Rbe8 (21... Ba8 22. Rad1) 22. Nf5 Re6 23. Rad1
Qc6 24. Qd2 Qb6 (24... Nxe4 25. Rxe4 Rxe4 26. Qg5 Rg8 27. Bxe4 Qxe4 28. Re1 Qd3
29. Nh6 Rf8 30. Nxf7+ Kg8 31. Nh6+ Kh8 32. Re7) 25. Qg5 (25. N3d4 $1 Re5 (25...
Nxe4 26. Rxe4 Rxe4 27. Qg5 Rg8 28. Nh6 Rf8 29. Ndf5) 26. Qg5 Ne8 (26... Rg8 27.
Nh6 $1) 27. f4 f6 (27... Rc5 28. Qe7) 28. Qg3 $18) 25... Ne8 $8 26. Bb3 Rf6 $8
27. Ne7 $2 (27. Nxg7 $2 Rg6) (27. Bd5 $5 $16) 27... Qa7 $1 28. Nd5 Bxd5 29.
Rxd5 Bb6 30. Qd2 Nc7 31. Rd3 Bc5 32. e5 dxe5 33. Rxe5 $14 Qb6 34. Rd7 Ne6 (
34... Rd6 35. Rxd6 Qxd6 $14) 35. Bxe6 Rxe6 36. b4 Rd6 $8 37. Rxd6 (37. Rd5 $142
Rxd5 38. Rxd5 Be7 $14) 37... Bxd6 38. Rd5 Bb8 39. Ne5 Bxe5 40. Rxe5 h6 $14 41.
Qd7 Qf6 42. Qe7 Rd8 $1 43. Qxf6 gxf6 44. Re7 Kg7 45. Ra7 Rd6 46. g4 f5 $1 47.
gxf5 Rd3 48. Rxa6 Rxh3 49. Ra5 (49. Kg2 Rh5) 49... Kf6 50. Kg2 Rd3 51. Rxb5
Rxa3 52. f3 Rb3 53. Kg3 Kg5 1/2-1/2

[Event "Dos Hermanas"]
[Site "Dos Hermanas"]
[Date "1996.05.22"]
[Round "2"]
[White "Kamsky, Gata"]
[Black "Illescas Cordoba, Miguel"]
[Result "1/2-1/2"]
[WhiteElo "2735"]
[BlackElo "2635"]
[Annotator "Horvath,Ta"]
[PlyCount "154"]
[EventDate "1996.05.21"]
[EventType "tourn"]
[EventRounds "9"]
[EventCountry "ESP"]
[EventCategory "19"]
[SourceTitle "CBM 053"]
[Source "ChessBase"]
[SourceDate "1996.08.01"]
[SourceVersion "1"]
[SourceVersionDate "1996.08.01"]
[SourceQuality "1"]

1. e4 {Shirov} c5 2. Nf3 Nc6 3. d4 cxd4 4. Nxd4 Nf6 5. Nc3 e5 6. Ndb5 d6 7. Bg5
a6 8. Na3 b5 9. Nd5 Be7 10. Bxf6 Bxf6 11. c3 O-O 12. Nc2 Rb8 13. Be2 Bg5 14.
O-O a5 15. Qd3 (15. Na3 $5 b4 16. Nb5 bxc3 17. bxc3 Ne7 18. c4 Nxd5 19. cxd5
Qb6 20. a4 Bd7 $10 {Petrushin-Yakovich/St.Petersburg/1995}) 15... Ne7 (15...
Be6 16. Rfd1 b4 $5 $13) 16. Nce3 Bxe3 (16... Be6 17. Rfd1 Nxd5 18. Nxd5 Qd7 19.
Qg3 Bd8 $10 {Kir.Georgiev-Spasov/Sofia/1992}) 17. Nxe3 Qb6 $1 (17... Qc7 $6 {
Kamsky-Ivanchuk/Tilburg/1992}) 18. Rfd1 (18. b4 axb4 19. cxb4 Be6 20. Rfb1 Rfc8
21. a4 bxa4 22. Rxa4 Qd4 $1 $10 {Beljavski-Sveshnikov/UdSSR/1980}) 18... Rd8
19. Rd2 h6 20. h3 Qc5 21. Rad1 Be6 {Die Stellung ist vôllig ausgeglichen, den
Punkt "d6" Schwarz kann leicht verteidigen.} 22. Bg4 Bc4 23. Qc2 Rb6 24. b3 Be6
25. Bxe6 fxe6 26. c4 b4 27. Qd3 Nc6 28. Nc2 Nb8 29. Qg3 Nd7 30. Qg6 Nf8 31. Qg4
Re8 32. Rd3 Re7 33. Ne3 Kh7 34. R1d2 Ra6 35. Qd1 Rd7 36. g3 Kg8 37. Kh2 Qc6 38.
Qg4 a4 39. Nc2 Qc5 40. Qe2 axb3 41. axb3 Rf7 42. Kg2 Rb7 43. Ne1 Rf7 44. Qg4
Ra1 45. Nf3 Ra6 46. Nh4 Rf6 47. Qd1 Rf7 48. Nf3 Rd7 49. Ne1 Rf7 50. Re3 Qb6 51.
Nd3 Nd7 52. Qg4 Re7 53. Rf3 Ra8 54. Qg6 Qd4 55. Re2 Ra1 56. Qg4 Nf6 57. Qg6 Rf7
58. Rfe3 Rd1 59. Nb2 Rb1 60. Rd3 Rxb2 $1 61. Rxd4 Rxe2 62. Kf1 (62. Rxd6 Ne8
63. Rd1 $8 (63. Rd8 $4 Rexf2+ $19) 63... Rfxf2+ $10) 62... Rxf2+ 63. Kxf2 exd4
64. Ke2 Ra7 65. c5 $1 Ra5 $1 66. cxd6 Rg5 67. d7 (67. Qxf6 $142 $1 $18 {Shirov}
gxf6 68. d7) 67... Rxg6 68. d8=Q+ Kh7 69. g4 e5 70. Qe7 Rg5 71. Kd3 h5 72. h4
Rxg4 73. Qxe5 Rxe4 74. Qf5+ Kh6 75. Qg5+ Kh7 76. Qf5+ Kh6 77. Qg5+ Kh7 1/2-1/2

[Event "Dos Hermanas"]
[Site "Dos Hermanas"]
[Date "1996.05.27"]
[Round "6"]
[White "Kamsky, Gata"]
[Black "Topalov, Veselin"]
[Result "0-1"]
[WhiteElo "2735"]
[BlackElo "2700"]
[Annotator "Tisdall,J"]
[PlyCount "98"]
[EventDate "1996.05.21"]
[EventType "tourn"]
[EventRounds "9"]
[EventCountry "ESP"]
[EventCategory "19"]
[SourceTitle "CBM 053"]
[Source "ChessBase"]
[SourceDate "1996.08.01"]
[SourceVersion "1"]
[SourceVersionDate "1996.08.01"]
[SourceQuality "1"]

1. d4 {Stohl Bologan} Nf6 2. Nf3 e6 3. c4 c5 4. d5 d6 5. Nc3 exd5 6. cxd5 g6 7.
g3 {It is a p ity that Kamsky opts for such a quiet line. Topalov is one of
very few top level Benoni players and it would have been interesting to see
him face a more fashionable variation.} Bg7 8. Bg2 O-O 9. O-O Na6 {Less
popular than the reflex Benoni plan of Nbd7, Re8 and a6, though it is also
very respectable.} 10. h3 (10. Nd2 $5 Nc7 11. Nc4 b5 12. Nxd6 Qxd6 13. Bf4 Qb6
$5 14. d6 Ne6 15. Bxa8 Nxf4 16. gxf4 Rd8 17. Qd2 Bh3 18. Bg2 Bxg2 19. Kxg2 b4
20. Nd5 Qb7 21. e4 Nxe4 22. Ne7+ Kf8 23. Qd5 Qxd5 24. Nxd5 Bxb2 25. Rad1 Nxd6
26. Rfe1 a5 $15 {Gerber,R-Anastasian,A/Cannes op/1996/}) 10... Re8 (10... Nc7
11. e4 Nd7 12. Bf4 Qe7 13. Re1 f6 14. a4 Ne5 15. Nxe5 fxe5 16. Be3 b6 17. Rb1
Na6 18. Na2 Bd7 19. Bf1 Nc7 20. b4 Rab8 21. Nc3 Qe8 22. Qc2 Qc8 23. h4 Na6 24.
bxc5 Nxc5 25. Nb5 Bxb5 26. axb5 Rb7 27. Rb4 $16 {Razuvaev,Y-Romero,An/Palma/
1991/}) 11. Nd2 {White's last two moves appear to be accepted theory, and are
both aimed at preventing black from easing his position by relocating the f6N
to g4-e5, or e4. Paradoxically, Topalov's eventual plan involves avoiding
exchanges.} (11. Bf4 Nc7 12. a4 Ne4 13. Nxe4 Rxe4 14. Nd2 Rb4 15. b3 b5 16. Ra2
a5 17. Qc1 Ba6 18. Ne4 Ne8 19. axb5 Bxb5 20. Qc2 c4 21. bxc4 Bxc4 22. Ra3 Bxd5
23. Bg5 Qd7 24. Bd2 Rc8 25. Qd3 Rd4 26. Qe3 Qb7 $36 {Razuvaev,Y-Romanishin,O/
Palma GMA-op/1989/}) (11. Re1 Ne4 12. Nxe4 Rxe4 13. Bg5 Qf8 14. Qc1 Rb4 15. b3
Re4 16. Nd2 Re8 17. Ne4 f5 18. Nc3 Bd7 19. Bf1 b5 20. e4 Nc7 21. a3 a5 22. exf5
Qxf5 23. Bd2 Bd4 24. Be3 Bxc3 25. Qxc3 Nxd5 $17 {Alburt,L-Wedberg,T/New York
op/1988/}) 11... Nc7 (11... Rb8 {Stohl} 12. a4 Nc7 13. Nc4 a6 14. a5 Nb5 15.
Na4 Bf5 16. Nab6 Be4 17. f3 Bf5 18. g4 Bc8 19. Bf4 h5 20. e3 hxg4 21. hxg4 Qe7
22. Qd2 $14 {Burtman,S-Ratcu,T/Kishinev iztW/1995/}) 12. a4 (12. Nc4 $6 b5 $1
13. Nxd6 Qxd6 14. Bf4 Qb6 15. d6 Ne6 16. Bxa8 Nxf4 17. gxf4 Bxh3 18. Bf3 (18.
Bg2 Bxg2 19. Kxg2 b4 20. Na4 Qc6+ 21. Kg1 Qd7 22. e3 Qh3 23. d7 Rd8 24. f3 Qg3+
25. Kh1 Rxd7 26. Qe2 Rd5 $40 {Kiss,A-Lazarev,V/AUT-chT2 9394/1994/}) 18... Bxf1
19. Kxf1 Rd8 20. e4 b4 21. Na4 Qa6+ 22. Kg2 Rxd6 23. Qc2 Nd7 24. e5 Rd4 25.
Nxc5 Nxc5 26. Qxc5 Rxf4 27. Rd1 h5 $17 {Kaidanov-Foisor/Moskva II/1987/}) 12...
b6 13. e4 (13. Nc4 Ba6 14. Na3 Qd7 15. Re1 b5 16. axb5 Nxb5 17. Naxb5 Bxb5 18.
e4 Rab8 19. Ra3 Qc7 20. Be3 a6 21. Qc2 Nd7 22. f4 c4 23. Qf2 f5 24. g4 fxg4 25.
hxg4 g5 $1 26. fxg5 Ne5 $36 {Ionescu,Co-Suba,M/Bukarest/1980/}) (13. Re1 Ba6 $5
14. e4 {-13.e4}) (13. Rb1 Ba6 14. Re1 Nh5 15. Nde4 f5 16. Nd2 Qd7 17. Qc2 Qf7
18. e4 Nf6 19. Rd1 Rad8 20. Nf3 Bc8 21. e5 dxe5 22. d6 Na6 23. Ng5 Nb4 24. Nxf7
Nxc2 25. Nxd8 Rxd8 26. Bg5 Nd4 27. b4 cxb4 28. Rxb4 Rxd6 $44 {Kobylkin-Tunik,G/
Yalta op/1995/}) 13... Ba6 14. Re1 Nd7 15. Nf3 Qe7 $5 $146 {A very interesting
novelty from Topalov. Previously  Stohl:Topalov's new move is stronger-White's
pieces are not so ideally placed for action in the center, so Black doesn't
exchange the Nf3 and starts maneuvring. Tactically it also works.  Bologan:
Novelty. Of course it doesn't look like real improvement just a simple
developpment.} (15... Ne5 {had been played, though this led to a pleasant
white advantage after} 16. Nxe5 Bxe5 {N} 17. Be3 Bg7 18. Qd2 $14 Rb8 19. Rab1
$1 {Goldin,A-Emms,J/ Cappelle la Grande 54/69 1992 Black's idea here has a lot
of nice advantages; he avoids the exchange of knights. In fact, the N on f3
hinders both the expansion of the center and easy protection of d5 by the Bg2,
while black's knight on d7 is one of his most flexible pieces. The Q is headed
for f8 where it will preserve the Bg7, guard d6, support the kingside and help
expansion with h6/g5 as well as ...f5. I'm very impressed, and only wish it
were as easy to find such ideas as it is to see their merits afterwards.} (19.
Rab1 Bc8 (19... b5 {Bologan} 20. b4 $1) 20. b4 cxb4 21. Rxb4 Na6 22. Rbb1 Bd7
23. Nb5 Bxb5 24. axb5 Nc5 25. Bd4 Rb7 26. Re3 Rbe7 27. Bxg7 Kxg7 28. Qd4+ f6
29. f4 $16 {[%csl Gd5,Ge4] [+],Goldin,A-Emms,J/Cappelle op/1992/})) 16. Bf4 (
16. Be3 $5 {would be desirable, but the e4 pawn requires attention. Snatching
it off at once is risky:} Bxc3 $2 (16... Qf8 17. Qc2 {is similar to the game,
but white will find it harder to achieve the thematic advance b2-b4 while
protecting e4.}) 17. bxc3 Qxe4 18. Bxc5 Be2 19. Rxe2 Qxe2 20. Bxd6 Qxd1+ 21.
Rxd1 Rac8 22. Nd4 {must give white much more than compensation.}) (16. e5 $2
Nxe5 17. Nxe5 Bxe5 18. f4 $2 Bd4+) 16... Qf8 17. Qc2 (17. Qd2 h6 18. Rab1 g5
19. Be3 f5 $5 (19... Bxc3 $5 20. bxc3 Nf6 (20... Rxe4 $2 21. Nxg5 Rxe3 22. Qxe3
hxg5 23. Qxg5+ Qg7 24. Qe7))) 17... h6 18. Rab1 {[%cal Yb2b4] /\b4} g5 19. Bd2
Bb7 {One of the differences between Topalov's idea and the stem game becomes
clearer. The white queen has been forced to take up a post on c2, rather than
d2, to keep a watchful eye on e4 and f5. A result of this (and the presence of
an extra pair of knights) is that the d5 pawn is much weaker now, and ...f5 is
a nagging possibility. Black also prepares to hurry the Nc7 back into play via
a6.} 20. Nh2 {Greener pastures beckon - on f3 the knight is fairly useless.
But what about the trusty b4 break?  Stohl: Inconsequent. Now with a few
clever N maneuvers Black gets a position with rich counterplay.} (20. b4 Na6 (
20... cxb4 21. Rxb4 Na6 $36 {[%cal Ra6c5,Ra8c8] /\Nac5,Rac8 is dubious-Black's
pieces get too many good squares.}) 21. bxc5 Naxc5 22. Nb5 Rec8 {and black's
activity guarantees him good chances.} (22... Ba6 $5 {is also interesting.})) (
20. Nb5 $142 $5 Nxb5 (20... Na6 21. Bc3 $14) 21. axb5 Ne5 22. Nxe5 Bxe5 23. Bc3
{/+/=/}) (20. Nd1 {[%csl Rf5][%cal Rd1e3] /\Ne3,><f5} f5 $8 21. exf5 Bxd5 22.
Nc3 Bc6 $132 {[%cal Rd6d4] /\d5-d4}) 20... Ne5 21. Ng4 (21. f4 $6 gxf4 22. gxf4
Nc4 23. Bc1 f5 $1 (23... Nxd5 24. Nxd5 Bxd5 25. Rd1 Bd4+ 26. Kh1 Be6 27. f5 $16
) 24. b3 Na5 $36) 21... Nc4 (21... Nxg4 $6 22. hxg4 {[%cal Yc3d1,Yd1e3,Ye3f5] /
\Nd1-e3-f5->}) 22. Ne3 Nxe3 (22... Nxd2 $5 23. Qxd2 Bc8 $13) 23. Bxe3 {After
much running around, the threat of Nf5 has finally led to type of position
seen in Goldin-Emms, but black has gained time to prevent the b4 advance.} Na6
24. Nb5 Nb4 25. Qd2 {Bologan: Better looks 25.Qb3 with the idea of Bd2.} Red8
26. Kh2 {It looks natural to clear the g-line to prepare f4, but the immediate
advance looks critical as well:  Stohl: Loses a tempo. Bologan: Typical Gata's
move. Even when he was playing the soviet youth champioships he was using any
possibility to improve the position by playing h3,Kh2 or h6,Kh7.} (26. f4 a6
27. Nc3 gxf4 28. gxf4 {Stohl:} (28. Bxf4 Re8 29. Re2 $14) 28... Re8 $5 {
still looks solid for black} (28... Qe7 29. Ne2 $5 {looks more pleasant for
white, who has gained the fearsome g3 square as a launching pad for his knight,
though even here} Kh8 30. Ng3 Rg8 31. Nf5 Qf6 {may give enough counterplay.}) (
28... f5 $6 29. e5 $1 dxe5 30. fxe5 Bxe5 31. Bxh6 {looks very risky for black.}
) 29. f5 $5 (29. Ne2 f5) 29... Kh7 30. Rf1 Bf6 {and white has paid rather a
high price for preventing ...f5.}) 26... a6 27. Nc3 (27. Na3 $5 {Bologan} f5
28. f4 $16) 27... Re8 28. f4 gxf4 29. Bxf4 $1 {White prefers a more civilized
approach since} (29. gxf4 f5 {should again be pleasant for black.}) 29... Bc8 (
29... c4 $6 30. Be3 $1 Nd3 31. Rf1 Nc5 32. Qe2 $36) 30. Re2 {Bologan: Kamsky
is improving the position of his rooks but I think the first guy who should be
put on better square is the knight on 'c3'.} (30. Nd1 $5 {Bologan}) 30... Bd7 (
30... f5 $6 31. Rf1 $40) 31. Rbe1 (31. Rf1 $5 {is a very natural alternative,
though it is not so easy to mount frightening pressure against f7.} b5 (31...
c4 $6 32. Be3 b5 33. axb5 axb5 34. Ref2 $16 (34. Nxb5 $5 $16)) 32. a5 $5 {
and now most moves with Ra8 are interesting - I would estimate the position is
roughly balanced.} (32. axb5 Bxb5 $1 (32... axb5 33. Ref2 $14) 33. Nxb5 axb5
34. Ref2 Ra2)) 31... c4 32. e5 (32. Nb5 $5 {looks the most entertaining way to
play.} axb5 33. Qxb4 Rxa4 34. Qxd6 Qxd6 35. Bxd6 Ra2 36. e5 Bf5 37. Bc7 b4 38.
d6 $5 {with absolute pandemonium.}) 32... dxe5 (32... Nd3 $2 33. e6 Nxe1 34.
Qxe1 $18 {[%cal Re6d7,Re6e7] /\e7,ed7 /\}) 33. Bxe5 Rxe5 {Of course black
plays to keep his dark-squared bishop.} (33... Bxe5 34. Rxe5 $16 {[%csl Rf6,
Rg6,Rg7,Rh7] ׻}) 34. Rxe5 Nd3 {It's very important for Black to keep his
Bg7-a strong defensive and attacking piece.} 35. Re7 Nxe1 36. Qxe1 $1 {[%csl
Gd7,Gg7] Black's active B-pair (especially Bg7) compensate him for the weak
K-side and passed d-pawn.} (36. Rxd7 Nd3 $5 {should not be dangerous for black
- his pieces are active and the d-pawn is not frightening for the time being.}
(36... Nxg2 37. Qxg2 (37. Kxg2 Qe8 $15) 37... Qe8 $13)) 36... Rd8 37. Qe4 b5
38. d6 $1 (38. axb5 $5 axb5 (38... Bf5 $1 {is a better try when black's
pressure against b2 gives him good counterplay. Kamsky's choice looks more
testing since he keeps his pieces well centralized.}) 39. d6 b4 40. Nd5 c3 {
looks better for white - he can try} 41. b3 {with ideas like Qf4, or Bf1-d3!?
to follow.} Be6 $2 42. Rxe6 $1 fxe6 43. Ne7+) 38... bxa4 $1 (38... Be6 $5 {
looks like a solid alternative.} 39. Qf4 $1 {is more testing.} (39. axb5 Rxd6 {
looks slightly better for black.}) 39... Bxc3 {is risky, but critical} 40. bxc3
bxa4 41. Bc6 $5 (41. Ra7 Rxd6 (41... Qxd6 $5) 42. Ra8 Rd8 43. Rxa6 a3 44. Qc1 {
is marginally better for white.})) (38... b4 39. Nd5 $36) 39. Qxc4 (39. Qf4 a3
$1 (39... Bxc3 40. bxc3 Be6 {transposes into the previous note.}) 40. bxa3 Bxc3
41. Rxd7 Rxd7 42. Qg4+ Kh8 43. Qxd7 Be5 {favors black, and vindicates his 38th
move.}) (39. Nd5 $6 Bxb2 $15 {[%csl Ga4] o^a}) 39... Be6 40. Qxa4 (40. Qxa6 $5)
40... Be5 (40... Rxd6 $4 41. Re8) 41. Ne4 (41. Qxa6 Bxd6 42. Ra7 Bb8 43. Ra8
Qg7 44. Ne4 Qxb2) (41. Rxe6 fxe6 42. Qg4+ Kh8 43. Qxe6 Qxd6 $17) (41. Ra7 $5
Qxd6 42. Ne4 Qd4 $10) 41... Bxd6 42. Ra7 Be5 43. b3 (43. Rxa6 Rd4 $5 (43...
Bxb2 $10) 44. Qa3 Qg7 45. Ra4 $5 $10) 43... Qg7 44. Qxa6 (44. Rxa6 $5 Rd4 (
44... Bf5 45. Ra8) (44... Bd5 $6 45. Qa5 $1 {and white gains the upper hand.} (
45. Nf6+ Bxf6 46. Bxd5 Be5 $1 (46... Rxd5 47. Qe8+))) 45. Qe8+ Kh7 46. Rxe6
fxe6 47. Qxe6 {should be safe for white.}) 44... Rd4 {[#]} 45. b4 $4 {A very
peculiar move that perhaps just shows how draining this tremendous battle has
been. After} (45. Qb5 $1 {white parries all threats.} h5 {is probably too
loosening.} 46. h4 $2 (46. Ra8+ Kh7 47. Qe2 {looks worrying for black. Black
does better to sit tight when his bishop pair and kingside pressure make
white's technical task highly problematic.}) 46... Bxg3+ $1 {is the idea but})
(45. Re7 $142 $5 Bf5 (45... Rxe4 $2 46. Qa8+ $18) (45... Bd5 46. Rxe5 Qxe5 47.
Nf6+ $16) (45... Qg6 46. Qa5 Rxe4 47. Qa8+ Kg7 48. Qxe4 Qxg3+ 49. Kg1 Kf8 $10)
46. Qa8+ (46. Rxe5 Qxe5 47. Nf6+ Kf8 $17) 46... Kh7 47. Qb7 $1 $132 {/\} Rxe4
$6 48. Rxf7 Bxg3+ 49. Kg1 Re1+ 50. Bf1) (45. Qf1 Bd5 46. Ra4 Rxa4 47. bxa4 Bxe4
$19) 45... Bf5 $1 {This brings unbearable pressure to bear on e4 and
simultaneously blunts the b1-h7 diagonal that was providing white with
counterplay.} (45... Rxe4 $4 46. Ra8+ Kh7 47. Bxe4+ $18) 46. Qe2 $2 (46. Ra8+
Kh7 47. Qe2 (47. Qf1 Bxe4 48. Bxe4+ Rxe4 49. Qf5+ Qg6) 47... Rxe4 48. Qf2 $1 {
was the only way to fight on.} (48. Bxe4 $2 Qxg3+ 49. Kh1 Qxh3+ 50. Kg1 Bd4+))
(46. Qb7 Rxe4 $1 $19) 46... Bxe4 $19 {preventing the check on a8.} 47. Ra3 (47.
Bxe4 Qxg3+ 48. Kh1 Rd1+ $1 49. Qxd1 Qh2#) 47... Bxg2 48. Kxg2 Rxb4 49. Ra8+ Kh7
(49... Kh7 50. Qd3+ Qg6) 0-1